000 00638nam a2200181Ia 4500
008 151018s9999 xx 000 0 und d
082 _bRBASDV16515
_a922
100 _aप्रभाकर वैद्य
245 _aवल्लभभाई पटेल
250 _b1
260 _bअभिनव प्रकाशन इंदोर मध्यप्रदेश
_c1977
300 _a394
600 _aप्रभाकर वैद्य
630 _aवल्लभभाई पटेल
700 _aप्रभाकर वैद्य
730 _aवल्लभभाई पटेल
942 _cBOOK
999 _c1017222
_d1017219